Building : the process and the product

Bibliographic Details
Main Author: Harper, Denis Rawnsley
Format: Book
Language:English
Published: Lancaster, England : The Construction Press Ltd. , 1978
Subjects:

MARC

LEADER 00000cam a2200000 7i4500
001 0000012843
005 20230710.0
008 030919 enk eng
020 |a 0860958035 (cased) 
020 |a 0904406776 (limp) 
040 |a INS 
090 0 0 |a TH425   |b .H2121 1978 
100 1 |a Harper, Denis Rawnsley 
245 1 0 |a Building :   |b the process and the product   |c by Denis Rawnsley Harper 
260 |a Lancaster, England :   |b The Construction Press Ltd. ,   |c 1978 
300 |a 414 p. :   |b ill. ;   |c 30 cm. 
500 |a Includes index 
650 0 |a Building   |x Specification 
999 |a 0000001639   |b BOOK   |c Open Shelf   |e Default branch